000
00326nam a2200145Ia 4500
008
230917s9999||||xx |||||||||||||| ||und||
040
_e
247261
_a
MAIN
041
_a
English
082
_a
346.034 S96D
100
_a
Shivani
245
0
_a
Different dimension defamation
260
_c
2017
300
_a
132 p.
942
_c
TH
999
_c
128014
_d
128014